Statistics for St. Jude Lyrics (Florence + the Machine)

Click here to take the quiz!

General Stats

  • This quiz has been taken 93 times
  • The average score is 196 of 228

Answer Stats

Answer% Correct
a
100%
I
100%
Jude
100%
of
100%
saint
100%
Saint
100%
the
100%
and
98%
you
98%
so
96%
we
96%
to
94%
always
92%
but
92%
in
92%
I've
92%
lost
92%
patron
92%
she
92%
were
92%
your
92%
been
90%
before
90%
causes
90%
chaos
90%
comfortable
90%
is
90%
more
90%
started
90%
knew
88%
my
88%
on
88%
there
88%
around
85%
couldn't
85%
it
85%
oh
85%
too
85%
us
85%
was
85%
attention
83%
get
83%
I'm
83%
just
83%
mouth
83%
somehow
83%
storm
83%
find
81%
grab
81%
had
81%
island
81%
lay
81%
maybe
81%
mention
81%
shut
81%
through
81%
who
81%
as
79%
bed
79%
keep
79%
loser
79%
meaning
79%
no
79%
battle
77%
cares
77%
trying
77%
won
77%
another
75%
Another
75%
conversation
75%
even
75%
gun
75%
never
75%
reveal
75%
side
75%
though
75%
whipped
75%
came
73%
destination
73%
each
73%
learning
73%
leaving
73%
let
73%
with
73%
her
71%
fired
69%
give
69%
blessing
65%
causing
63%
grieving
63%
loss
60%
while
60%
devastation
58%

Score Distribution

Percentile by Number Answered

Percent of People with Each Score

Your Score History

You have not taken this quiz